000 00456nam a22001697a 4500
005 20160518114021.0
008 160518b xxu||||| |||| 00| 0 eng d
020 _a978-81-317-0172-0
041 _aeng
082 _b2846
100 _aChaturvedi P.D. & Chaturvedi Mukesh
_9746
245 _aBusiness Communication concept Cases and application
260 _aDelhi
_bPearson Education,
_c2006
300 _a500
650 _aManagement
_9241
942 _cBK
999 _c1005
_d1005